LDR 01005naa#a2200193#i#450# 001 RU\\bibl\121315 005 20260516132941.6 011 ## _a1994-4683 100 ## _a20230803b2023####ek#y0rusy0150####ca 102 ## _aRU 200 1# _aФОРМИРОВАНИЕ СОЦИАЛЬНОЙ АКТИВНОСТИ СТАРШЕКЛАССНИКОВ КАК ПСИХОЛОГО-ПЕДАГОГИЧЕСКАЯ ПРОБЛЕМА _eЖурнальная статья 210 1# _aМосква _cНациональный государственный Университет физической культуры, спорта и здоровья им. П.Ф. Лесгафта _d2023 215 ## _a3 с. 608 ## _aЖурнальная статья _2local 675 ## _aОбщая теория воспитания и обучения. Отдельные направления педагогики. 37.013 _z 700 #1 _aПауков _gА А 700 #1 _aМаслова _gИ Н 700 #1 _aПетров _gН Ю 856 4# _auchzapiski.lesgaft.spb.ru _u